00000000nam##2200000za#4500
0019.607267
003CaOODSP
00520210624213037
007cr |||||||||||
008150406|2009||||xxc|||||o    f|0| 0 fre|d
022 |a1488-5468
040 |aCaOODSP|bfre
043 |an-cn---
0861 |aFs97-4/2906F-PDF
1101 |aCanada. |bMinistère des pêches et des océans.
24510|aRésumé d'un sondage mené auprès de propriétaires de jardins d'eau au Canada / |h[ressource électronique]|cpar D. Marson ...[et al.]
260 |aBurlington - Ontario : |bPêches et Océans Canada |c2009.
300 |a39p.|bfigures, références, tableaux
4901 |aRapport manuscrit canadien des sciences halieutiques et aquatiques|x1488-5468|vN° 2906
500 |aFichier reproduit à partir de l'original imprimé. Sur la p. de t. : Centre d'expertise pour l'analyse des risques aquatiques, Burlington (Ontario). Le numéro de catalogue et l'ISSN de l'édition imprimée apparaissent dans la version PDF.
546 |a(Abstracts in English).
590 |a14-14-Supp|b2014-07-24
7201 |aMarson, D.
7760#|tRésumé d'un sondage mené auprès de propriétaires de jardins d'eau au Canada / |w(CaOODSP)9.628617
830#0|aRapport manuscrit canadien des sciences halieutiques et aquatiques,|x1488-5468|vN° 2906|w(CaOODSP)9.501611
85640|ahttp://publications.gc.ca|qPDF|s463 Ko|uhttps://publications.gc.ca/collections/collection_2014/mpo-dfo/Fs97-4-2906-fra.pdf|yN° 2906